Devota expositio litteralis et mystica totius missae, ac caeremoniarum ejus : ex variis auctoribus collecta et concinnata, atque ad praxim reducta ad illam devote celebrandam. Summo sacerdoti Jesu-Christo consecrata / a R. P. F. Dionysio a Conceptione Carm. Excal. Sac. theologiae lectore. Opusculum sane utilissimum omnibus sacerdotibus, ad conciliandam devotionem in missale celebratione. Accedunt in calce orationes ante et post celebrationem

Detalles Bibliográficos
Autor principal: Dionisio de la Concepción, O. C. D.
Formato: Libro
Lenguaje:Spanish
Publicado: Mexici : in tipographia R. de Raphael, in via (vulgo) de Cadena, N°. 13, 1846.
Materias:
Colección:Banco de datos
Acervo:Centro de Espiritualidad El Carmen. Toluca. Biblioteca Rafael Checa Curi
Descripción Física:195 p. ; 15.5 cm.
Tema general:Liturgia
Notas:Portada tipográfica con viñeta central y plecas en grabado litográfico. Texto a renglón seguido con paginación en números arábigos, cornisas, signaturas y notas a pie de página. Incluye cabeceras de título con motivos geométricos, cabeceras de título y viñetas con motivos arabescos en grabado litográfico. Encuadernación en piel sobre cartón. Ex libris manuscrito en el verso de la guarda anterior: "Presb. Ygnacio Rodriguez". Daños de humedad. Número de inventario: 1560 (1392)
LEADER 01435nam a22001690004500
035 |a 647 
041 0 |a spa 
100 1 |a Dionisio de la Concepción, O. C. D.  
245 1 0 |a Devota expositio litteralis et mystica totius missae, ac caeremoniarum ejus : ex variis auctoribus collecta et concinnata, atque ad praxim reducta ad illam devote celebrandam. Summo sacerdoti Jesu-Christo consecrata / a R. P. F. Dionysio a Conceptione Carm. Excal. Sac. theologiae lectore. Opusculum sane utilissimum omnibus sacerdotibus, ad conciliandam devotionem in missale celebratione. Accedunt in calce orationes ante et post celebrationem  
260 |a Mexici : in tipographia R. de Raphael, in via (vulgo) de Cadena, N°. 13, 1846. 
300 |a 195 p. ; 15.5 cm. 
500 |a Portada tipográfica con viñeta central y plecas en grabado litográfico. Texto a renglón seguido con paginación en números arábigos, cornisas, signaturas y notas a pie de página. Incluye cabeceras de título con motivos geométricos, cabeceras de título y viñetas con motivos arabescos en grabado litográfico. Encuadernación en piel sobre cartón. Ex libris manuscrito en el verso de la guarda anterior: "Presb. Ygnacio Rodriguez". Daños de humedad. Número de inventario: 1560 (1392)  
650 1 0 |a Liturgia 
949 |a Fondo Reservado: 1392 
942 |c TOLUCA 
943 |g Centro de Espiritualidad El Carmen. Toluca. Biblioteca Rafael Checa Curi 
999 |c 1080545  |d 1080545